UBT Library

Institutes of the Christian religion. (Record no. 42064)

000 -LEADER
fixed length control field 00624cam a22002291 4500
001 - CONTROL NUMBER
control field 7481029
005 - DATE AND TIME OF LATEST TRANSACTION
control field 20180208032945.0
008 - FIXED-LENGTH DATA ELEMENTS--GENERAL INFORMATION
fixed length control field 770225s1957 miu 000 0 eng
010 ## - LIBRARY OF CONGRESS CONTROL NUMBER
LC control number 59002119
035 ## - SYSTEM CONTROL NUMBER
System control number (OCoLC)2763283
040 ## - CATALOGING SOURCE
Original cataloging agency DLC
Transcribing agency TxBeaL
Modifying agency OCoLC
-- DLC
041 1# - LANGUAGE CODE
Language code of text/sound track or separate title engund
042 ## - AUTHENTICATION CODE
Authentication code premarc
080 ## - UNIVERSAL DECIMAL CLASSIFICATION NUMBER
Universal Decimal Classification number 230.42 CAL
082 ## - DEWEY DECIMAL CLASSIFICATION NUMBER
Classification number 230.42 CAL
100 1# - Rafti
Rafti 24
101 ## - Shkurtesa
Shkurtesa TEO
240 10 - UNIFORM TITLE
Uniform title <a href="Institutio Christianae religionis.">Institutio Christianae religionis.</a>
Language of a work English
245 10 - TITLE STATEMENT
Title Institutes of the Christian religion.
Statement of responsibility, etc Translated by Henry Beveridge.
906 ## - LOCAL DATA ELEMENT F, LDF (RLIN)
a 7
b cbc
c oclcrpl
d u
e ncip
f 19
g y-gencatlg
942 ## - ADDED ENTRY ELEMENTS (KOHA)
Source of classification or shelving scheme
Item type Books
Holdings
Withdrawn status Lost status Source of classification or shelving scheme Damaged status Not for loan Collection code Permanent location Current location Shelving location Date acquired Total Checkouts Full call number Barcode Date last seen Price effective from Koha item type
          Koleksioni i përgjithshem UBT - Lipjan UBT - Lipjan Koleksioni i përgjithshem 02/08/2018   230.42 CAL 002-2998938 02/08/2018 02/08/2018 Books
          Koleksioni i përgjithshem UBT - Lipjan UBT - Lipjan Koleksioni i përgjithshem 02/08/2018   230.42 CAL 002-2998937 02/08/2018 02/08/2018 Books
UBT Library © 2015-2024. All rights reserved University Education for Business and Technology